000 00886nab a2200253 u 4500
001 13848
003 HDC
007 cr bn ---aaaaa
008 210213c xx dr|noo 0 a may d
040 _aHDC
100 _aNorshahzura Mat Zuki,
_eauthor
_910775
245 0 _aPasta RM5 di Little Fat Duck /
_cby Norshahzura Mat Zuki
260 _a[No place] :
_b[publisher not identified],
_c[no date]
336 _atext
_2rdacontent
337 _acomputer
_2rdamedia
338 _aonline resource
_2rdacarrier
650 _aFood industry and trade
_9140
650 _aHalal food industry
_xCertification
_zMalaysia
_9405
710 _aSinar Online
856 _zRequest full-text at [email protected]
942 _2lcc
942 _cNEWS
942 _kNWSO 001796
999 _c11164
_d11164